000 02315cam a22005294i 4500
003 PE-LiUPU
005 20250731180102.0
008 150617s r 000 0 d
020 _a8429150897
035 _a(Sirsi) i9788429150896
040 _aPE-LiUPU
_bspa
_cPE-LiUPU
_erda
049 _aPRUA
082 0 4 _a530.15
_bK39
_221
100 1 _aKemmer, N.,
_eautor.
245 1 0 _aAnálisis vectorial :
_bMatemáticas de los campos tridimencionales para físicos /
_cN. Kemmer.
264 1 _aBarcelona :
_bReverté,
_c1986.
300 _a267 páginas ;
_c22 centímetros
336 _atext
_2rdacontent
337 _aunmediated
_2rdamedia
338 _avolume
_2rdacarrier
505 0 _aSumario de algebra vectorial. -Elementos geométricos en el análisis vectorial. -Propiedades métricas del espacio euclideo. -Campos escalares y vectoriales. -Integración de campos en el espacio. -Otras integrales espaciales. -Diferenciación de campos. Parte 1: el gradiente. -Diferenciación de campos. Parte 2: el rotacional. -Diferenciación de campos. Parte 3: la divergencia. -Generalización de los tres principales teoremas y algunas observaciones sobre la notación. -Comportamiento de los campos en las fronteras. -Diferenciación e integración de productos de campos. -Derivadas segundas de los campos vectoriales; elementos de la teoría del potencial. -Coordenadas curvilíneas ortogonales. -Campos dependientes del tiempo.
526 _aSEG44
526 _aSEG26
526 _aP159
526 _aP155
526 _aP154
526 _aP153
526 _aP150
526 _aP100
526 _aP31
526 _aP30
526 _aP26
526 _aP25
526 _aP24
526 _aP22
526 _aP15
526 _aP10
650 1 4 _aAlgebra vectorial.
650 1 4 _aAnálisis vectorial.
910 _ajck
_bjvq
_cjck
_d20150616
942 _2ddc
_cBOOK
949 _a530.15 K39
_wDEWEY
_c1
_i27954
_lCCODEBUL1
_mBUL
_r0
_sY
_tBOOK
_u2015-4-21
_xEDUCACION
_zUNKNOWN
_0COMPRA
_o.STAFF. Colección General
994 _aC0
_bPEPRU
596 _a1
999 _a530.15 K39
_wDEWEY
_c17373
_i27954
_d17373
_e2018-11-20
_f2021-11-5
_g5
_lCCODEBUL1
_mBUL
_n4
_r0
_sN
_tBOOK
_u2015-4-21
_xBIBLIOTECA
_zUNKNOWN
_0COMPRA
_o.STAFF. Colección General
980 _81
_gALBERTO SANCHEZ Responsable de Automatización